Responses for show #7380 - Friday, October 14, 2016

Contestants

Jerry Castro, a retired police captain from College Point, New York

Keely Walker, a manager of scientific writing from Glendora, California

Susan Cole, a legislative librarian from Bowie, Maryland (whose 2-day cash winnings total $39,000)

Jeopardy! Round responses

SCRAMBLED HARRY POTTER CHARACTERS
U.S. COINS
FOOD FESTIVALS
THE COUNTY LINE
TRAILER PARK
DOUBLE Y-ed
    $200 10
one cent

Keely
    $200 1
truffles

Susan
    $200 25
Muskogee

Keely
    $200 20
Jurassic Park

Keely
    $200 15
(Susan: What is S.O.S.?)

mayday

SusanJerry
    $400 3
Draco Malfoy

Triple Stumper
    $400 11
Isabella

Keely
    $400 2
(Susan: What is garlic?)

asparagus

SusanKeely
    $400 26
Bourbon

Keely
    $400 21
Jane Austen

Keely
    $400 16
(Jerry: What is lexicography?)

etymology

SusanJerry
    $600 4
(Alex: Tough category, obviously.)

Severus Snape

Triple Stumper
    $600 12
(Alex: For Denver, yeah.)

D

Keely
    $600 7
New Zealand

Susan
    $600 27
[The end-of-round signal sounds.]

Custer

Keely
    $600 22
(Alex: Yes, with less than a minute now.)

South Park

Keely
    $600 17
a symphony

Keely
    $800 5
(Alex: Well, the writers are having fun. Keely?)
(Keely: Uh, let's close it out. HARRY POTTER for $1,000.)

Sirius Black

Triple Stumper
    $1,000 13
a buffalo

Keely
    $800 8
(Jerry: What is kielbasa?)

a bratwurst

SusanJerry
    $800 23
Barefoot in the Park

Susan
    $800 18
misogyny

Keely
    $1000 6
(Keely: Oh. Uh, who is Hagrid...)
...
(Alex: There's one more clue. We didn't close it out. Do you want to go back to it?)
(Keely: Uh, no.)
(Alex: All right.)
[Laughter]

Argus Filch

Keely
Triple Stumper
    $1000 14
JFK (John Kennedy)

Keely
    $1000 9
Maui

Susan
    $1000 24
Gosford Park

Susan
    $1000 19
idiosyncrasy

Triple Stumper

Scores at the first commercial break (after clue 13):

Susan Keely Jerry
$2,200 $1,600 -$800

Scores at the end of the Jeopardy! Round:

Susan Keely Jerry
$4,200 $6,400 -$1,000

Double Jeopardy! Round responses

(Alex: First we're gonna be putting the Little Mermaid to work in...)
ARIEL PHOTOGRAPHY
MUSICIANS' MEMOIRS
THE CHINA CABINET
6-SYLLABLE WORDS
THE ERA OF GOOD FEELINGS
BARTLETT'S FAMILIAL QUOTATIONS
    $400 2
a crab

Keely
    $400 1
(Jerry: [Without ringing in] Who is Secretary of [*]?)
(Alex: You have to ring in. Keely.)
(Keely: What is Secretary of [*]?)

Defense

Keely
    $400 20
autobiography

Keely
    $400 19
Peanuts

Keely
    $800 3
(Keely: What is a coral reef?)
(Alex: Be more specific.)
(Keely: What is the great coral reef?)

the Great Barrier Reef

KeelyJerry
    $800 9
Carole King

Susan
    $800 7
Agriculture

Susan
    $800 21
Congeniality

Susan
    $1,500 13
Hamlet

Keely
    $1200 4
Flounder

Susan
    $1,500 12
(Keely: Who is Seger?)

John Fogerty

Keely
    $1200 8
rural

Keely
    $1200 22
salutatorian

Keely
    $1200 27
[The end-of-round signal sounds.]

the Santa Fe Trail

Jerry
    $1200 16
Salome

Susan
    $1600 5
a galleon

Keely
    $1600 14
Elvis Costello

Triple Stumper
    $1600 10
Affairs

Keely
    $1600 23
(Jerry: Anthrop--what is anthropomorphy?)

anthropomorphism

KeelyJerry
    $1600 26
the 49th parallel

Triple Stumper
    $1600 17
Brother, can you spare a dime?

Susan
    $2000 6
bioluminescence

Jerry
    $2000 15
Nile Rodgers

Triple Stumper
    $2000 11
Environmental

Triple Stumper
    $2000 24
(Alex: Less than a minute now.)

tintinnabulation

Susan
    $2000 25
William Cullen Bryant

Triple Stumper
    $2000 18
Stanislavski

Susan

Scores at the end of the Double Jeopardy! Round:

Susan Keely Jerry
$14,600 $14,400 $1,400

[wagering suggestions for these scores]

Final Jeopardy! Round responses

19th CENTURY LITERATURE
(Alex: "For hate's sake, I spit my last breath at thee.")
...
(Alex: [To Susan] "Thou damned whale.")
JerryWho was Melville
$1,400
KeelyWho is Mr Frankenstein?
$5,000
SusanWho is Captain Ahab?
$14,200
Captain Ahab

Final scores:

Susan Keely Jerry
$28,800 $9,400 $0
3-day champion: $67,800 2nd place: $2,000 3rd place: $1,000

Game dynamics:

Coryat scores:

Susan Keely Jerry
$14,600 $15,000 $1,400
15 R,
2 W
24 R
(including 2 DDs),
3 W
(including 1 DD)
4 R,
3 W

Combined Coryat: $31,000

The J! Archive is created by fans, for fans. The Jeopardy! game show and all elements thereof, including but not limited to copyright and trademark thereto, are the property of Jeopardy Productions, Inc. and are protected under law. This website is not affiliated with, sponsored by, or operated by Jeopardy Productions, Inc. Join the discussion at JBoard.tv.